20 meistgesprochene Sprachen - Statistiken

Allgemein
  • Dieses Quiz wurde 51 mal gespielt
  • Das Durchschnittsergebnis liegt bei 3 aus 20
Antwortstatistiken
Rang Sprache % Korrekt
1. Englisch
98%
4. Spanisch
35%
12. Deutsch
21%
5. Französisch
21%
6. Hocharabisch
21%
3. Hindi
19%
9. Portugiesisch
13%
8. Russisch
10%
7. Bengalisch
6%
13. Japanisch
6%
2. Mandarin-Chinesisch
6%
17. Türkisch
6%
11. Indonesisch
4%
19. Kantonesisch
4%
15. Marathi
4%
18. Tamil
4%
16. Telugu
4%
10. Urdu
4%
20. Vietnamesisch
4%
14. Nigerianisches Pidgin
2%
Keine übereinstimmenden Quizze gefunden
Verteilung der Resultate
Anzahl Personen mit jedem Resultat
Perzentil nach korrekt beantworteten Fragen
Ihre Resultats-Entwicklung
Sie haben dieses Quiz noch nicht gespielt